The women's chronology : (Record no. 7608)
[ view plain ]
| 000 -LEADER | |
|---|---|
| fixed length control field | 00801nac a22002291u 4500 |
| 010 ## - LIBRARY OF CONGRESS CONTROL NUMBER | |
| LC control number | 93041513 |
| 082 00 - DEWEY DECIMAL CLASSIFICATION NUMBER | |
| Classification number | 305.409 |
| Item number | TRA |
| 090 ## - LOCALLY ASSIGNED LC-TYPE CALL NUMBER (OCLC); LOCAL CALL NUMBER (OCLC) | |
| -- | 7608 |
| -- | 7608 |
| 100 ## - MAIN ENTRY--PERSONAL NAME | |
| Personal name | Trager, James. |
| 245 14 - TITLE STATEMENT | |
| Title | The women's chronology : |
| Remainder of title | a year-by-year record from prehistory to the present / |
| Statement of responsibility, etc | James Trager. |
| 250 ## - EDITION STATEMENT | |
| Edition statement | 1st ed. |
| 260 ## - PUBLICATION, DISTRIBUTION, ETC. (IMPRINT) | |
| Place of publication, distribution, etc | New York : |
| Name of publisher, distributor, etc | H. Holt,c.1994. |
| Date of publication, distribution, etc | c.1994. |
| 300 ## - PHYSICAL DESCRIPTION | |
| Extent | ix, 787 p. : |
| Other physical details | ill. ; |
| Dimensions | 25 cm. |
| 440 #2 - | |
| -- | A Henry Holt reference book |
| 500 ## - GENERAL NOTE | |
| General note | Includes index. |
| 500 ## - GENERAL NOTE | |
| General note | Distributer: Al-Ahram. |
| 511 ## - PARTICIPANT OR PERFORMER NOTE | |
| Participant or performer note | Catalogued By: Mahitab. |
| 650 #0 - SUBJECT ADDED ENTRY--TOPICAL TERM | |
| Topical term or geographic name as entry element | Women |
| General subdivision | History |
| -- | Chronology. |
| 650 #0 - SUBJECT ADDED ENTRY--TOPICAL TERM | |
| Topical term or geographic name as entry element | Chronology, Historical. |
| 942 ## - ADDED ENTRY ELEMENTS (KOHA) | |
| Item type | Book - Borrowing |
| Call number prefix | 305.409TRA |
| Withdrawn status | Item status | Damaged status | Not for loan | Home library | Current library | Shelving location | Date acquired | Source of acquisition | Total Checkouts | Full call number | Barcode | Date last seen | Date last borrowed | Koha item type |
|---|---|---|---|---|---|---|---|---|---|---|---|---|---|---|
| Central Library | Central Library | First floor | 31/01/2008 | Purchase | 1 | 305.409TRA | 000009048 | 15/07/2025 | 11/11/2013 | Book - Borrowing |